NBA Teams Top 3 Shooting Gaurds Ever - Statistics

General Stats
  • This quiz has been taken 6 times
  • The average score is 61 of 90
Answer Stats
Answer % Correct
Anthony Edwards
100%
Austin Carr
100%
Bradley Beal
100%
Clyde Drexler
100%
Clyde Drexler
100%
David Thompson
100%
Dell Curry
100%
Donovan Mitchell
100%
Donovan Mitchell
100%
Doug West
100%
Dwyane Wade
100%
George Gervin
100%
Jaylen Brown
100%
Jerry West
100%
Jimmy Butler
100%
Jimmy Butler
100%
Joe Dumars
100%
Joe Johnson
100%
Klay Thompson
100%
Kobe Bryant
100%
Manu Ginóbili
100%
Michael Jordan
100%
Michael Jordan
100%
Ray Allen
100%
Ray Allen
100%
Richard Hamilton
100%
Tony Allen
100%
Vince Carter
100%
Vince Carter
100%
Allen Iverson
80%
Bingo Smith
80%
DeMar DeRozan
80%
Devin Booker
80%
Eddie Jones
80%
Hal Greer
80%
James Harden
80%
James Harden
80%
J.R. Smith
80%
Michael Redd
80%
Mike Miller
80%
Mitch Richmond
80%
Mitch Richmond
80%
Randy Smith
80%
Reggie Miller
80%
Sam Jones
80%
Tracy McGrady
80%
Tracy McGrady
80%
Tyler Herro
80%
Walter Davis
80%
Allan Houston
60%
Dan Majerle
60%
Jamal Crawford
60%
Jason Terry
60%
J.J. Redick
60%
John Starks
60%
Luguentz Dort
60%
Pete Maravich
60%
Pete Maravich
60%
Rolando Blackman
60%
Sidney Moncrief
60%
Stephen Jackson
60%
Zach Lavine
60%
Alvin Robertson
40%
Andrew Toney
40%
Bill Sharman
40%
Brandon Roy
40%
Byron Scott
40%
CJ McCollum
40%
CJ McCollum
40%
Earl Monroe
40%
Earl Monroe
40%
Eric Gordon
40%
Jason Richardson
40%
Jeff Hornacek
40%
Kon Knueppel
40%
Lou Hudson
40%
Nick Anderson
40%
Victor Oladipo
40%
Victor Oladipo
40%
Desmond Bane
20%
Jerry Stackhouse
20%
Michael Finley
20%
Morris Peterson
20%
Terry Rozier III
20%
Tyreke Evans
20%
Dražen Petrović
0%
Kerry Kittles
0%
Otis Birdsong
0%
Ralph Simpson
0%
Reggie Theus
0%
No matching quizzes found
Score Distribution
Percent of People with Each Score
Percentile by Number Answered
Your Score History
You have not taken this quiz